00443 2200181 4500245005400000020001800054250001100072100001700083700001400100700001200114650001700126005001900143260003100162041001400193084001300207300003200220336000900252 aHow to Make a Princess Vol. 1cIzumi, AsukahText a9789792344110 aCet. 1 aIzumi, Asuka aAnglingsa aMartina aKomik Jepang a20230908145309 aJakartabPT Gramediac2010 aIndonesia a741.5592 a... jil. :bilus. ;c17 cm. atext